Quiz de Omã - Statistics

Estatísticas Gerais
  • Esse quiz foi jogado 494 vezes
  • A pontuação média é 12 de 19
Estatísticas das Respostas
Dica Resposta % Correto
Língua oficial Árabe
96%
Países fazendo fronteira com Omã Arábia Saudita
95%
Religião do país Ibadismo (Islã)
94%
Países fazendo fronteira com Omã Iémen
93%
Países fazendo fronteira com Omã Emirados Árabes Unidos
89%
Omã foi o penúltimo país do mundo a abolir isso em 1970 Escravidão
88%
Golfos que fazem fronteira com Omã no norte do país Golfo {Pérsico}
87%
Exportação mais importante Petróleo
87%
País que governou Omã até 1951 Reino Unido
81%
Capital Mascate
71%
Existem pelo menos 465.500 cidadãos deste país vivendo em Omã Índia
64%
Golfos que fazem fronteira com Omã no norte do país Golfo de {Omã}
59%
Título do monarca de Omã Sultão
59%
Moeda oficial Rial omanense
50%
Estreito entre o Irã e Omã Estreito de {Ormuz}
39%
Ilha africana que já foi a capital de Omã e residência dos monarcas de Omã Zanzibar
34%
Terceira maior cidade Salalá
22%
Monarca de Omã, 1970-2020 Qabus
19%
Segunda maior cidade Seebe
18%
Nenhum quiz correspondente encontrado
Distribuição das Pontuações
Porcentagem de Pessoas com Cada Pontuação
Percentil de Números Respondidos
Sua Pontuação Histórica
Você não jogou esse quiz